Η ζώνη της επισφάλειας στην Ελλάδα : εμπειρία και προτάσεις πολιτικής

Αποθηκεύτηκε σε:
Λεπτομέρειες βιβλιογραφικής εγγραφής
Κύριος συγγραφέας: Κακουλίδου, Θεανώ (Συγγραφέας)
Μορφή: Βιβλίο
Γλώσσα:Greek
Δημοσίευση: [Αθήνα] : Ινστιτούτο Νίκος Πουλαντζάς, 2021.
Θέματα:
Ετικέτες: Προσθήκη ετικέτας
Δεν υπάρχουν, Καταχωρήστε ετικέτα πρώτοι!

MARC

LEADER 00000cam a2200000 a 4500
001 1/124709
008 220414s2021####gr d ||| |||| ||gre||
040 |a GR-MyUa  |b gre  |c GR-MyUa  |e AACR2 
041 0 |a gre 
082 7 |a 331.409495   |2 (23) 
245 0 1 |a Η ζώνη της επισφάλειας στην Ελλάδα :   |b εμπειρία και προτάσεις πολιτικής /   |c Θεανώ Κακουλίδου ... [κ.ά.].  
260 |a [Αθήνα] :   |b Ινστιτούτο Νίκος Πουλαντζάς,   |c 2021.  
300 |a 106 σ. :   |b πιν. ;   |c 29 εκ.  
650 0 |a Labor  |z Greece. 
700 1 |a Κακουλίδου, Θεανώ,  |e aut 
852 |a INST  |b LESVOS  |e 20220414  |h 331.409495 ΖΩΝ  |p 005100063584  |q 005100063584  |t BK  |y 0 
970 |a Καμάτσου  |b Δέσποινα   |z 14-04-2022